000 01088nam a2200229 a 4500
001 000015845
005 20250621074006.0
008 100219s1998 dr r 000 0 spa d
040 _aDO-SdBNP
_bspa
_cBNPHU
082 _a352.367
_bR426r
110 1 _aRepública Dominicana.
_bComisión Presidencial para la Reforma y Modernización del Estado
_97089
245 1 3 _aLa reforma y modernización del Estado :
_bun espacio para la cooperación, cartera de proyectos República Dominicana /
_cpresentación Onofre Rojas.
260 _aSanto Domingo :
_bSecretaría Ejecutiva de la Comisión Presidencial para la Reforma y Modernización del Estado,
_c1998.
300 _a176 p. ;
_c29 cm.
504 _aIncluye referencias bibliográficas y notas al pie de páginas.
590 _aInventariado, 2018/BT
650 4 _aReforma del estado
_zRepública Dominicana
_99500
651 4 _aRepública Dominicana
_xAdministración Pública
_9657
651 0 _aRepública Dominicana
_xPolítica y gobierno
_945
700 1 _aRojas, Onofre,
_epresent.
_931119
910 _aValidado. Control de calidad. EMS.
999 _c15389
_d15389